000 00258nam a22001217a 4500
082 _a150
_bWIL/N
100 _aWILLIAMSON,JUDITH
245 _aNAPOLEON HILL
260 _aUSA
_bJAICO PUBLISHING HOUSE
300 _a150
650 _aBIOGRAPHY
_zUSA
942 _cBK
999 _c5708
_d5708